000 00908cab a2200241 4500
001 ABS56812
008 090401t1997 xxu||||| |||| 00| 0 eng d
035 _a(Sirsi) u77926
041 _aeng
100 _aTribich, J.
245 4 _aThe planning supervisor`s responsibility under CDM
260 _c1997
350 _a0
490 _aCSM (Chartered Surveyor Monthly)
_v6(7) April 1997, 35(1)
520 _aWarns that a planning supervisor`s duty is to the CDM Regulations rather than the client and they should not perform tasks beyond the duties conferred by the regulations. Outlines tasks planning supervisors do not have to perform.
650 _aCONSTRUCTION (DESIGN AND MANAGEMENT) REGULATIONS 1994
650 _aCLIENT NEEDS
650 _aHEALTH AND SAFETY
_96244
650 _aPLANNING SUPERVISORS
690 _aBUILT ENVIRONMENT-BUILDING STANDARDS
942 _n0
948 _c25/04/1997
999 _c49004
_d49004